PANTOČEK, Jozef (Pántocsek, Pantotsek) lekár, botanik (19. 10. 1846 Trnava - 4. 9. 1916 Topoľčany-Továrniky)

Bibliographic Details
Format: Article
Language:Slovak
ISBN:8070900709 viaz
Subjects:

MARC

LEADER 00000naa a2200000uu 4500
001 vtls010922552
003 SK-MaSNL
005 20260302145009.0
008 220808|1990 xo |||||||||||||||||slo|
015 |a SNBRA 
035 |a (urnnbn)urn:nbn:sk:snk:ar-a0d12f 
035 |a (uuid)a5266fec-cf5f-4df9-936e-823395f1941d 
035 |a urn:nbn:sk:snk-aatprw 
040 |a SNKBUCL  |b slo  |c SNKBUCL  |e AACR2 
041 0 |a slo 
044 |a xo  |c SK 
245 0 0 |a PANTOČEK, Jozef (Pántocsek, Pantotsek)  |b lekár, botanik (19. 10. 1846 Trnava - 4. 9. 1916 Topoľčany-Továrniky) 
600 1 7 |a Pantoček, Jozef,  |d 1846-1916  |2 SNKMA  |9 37802 
655 7 |a biografické heslá  |2 SNKPH  |9 368942 
773 0 |t Slovenský biografický slovník : (od roku 833 do roku 1990). IV. zväzok, M-Q  |d Martin : Matica slovenská, 1990  |g S. 393-394  |z 8070900709 viaz 
954 |a odborná, vedecká literatúra pôvodná (slovenská)  |2 lita 
958 |a BX 
958 |a OND 
958 |a chapter 
958 |a article25 
999 |c 1352021  |d 1353951